| 000 | 00000nam 2200000zi 4500 |
| 001 | 9.954191 |
| 003 | CaOODSP |
| 005 | 20250818120846 |
| 006 | m o d f |
| 007 | cr mn||||||||| |
| 008 | 250818e20180321oncd obs f000 0 eng d |
| 040 | |aCaOODSP|beng|erda|cCaOODSP |
| 043 | |an-cn--- |
| 086 | 1 |aCS82-003/2018-3-2E-PDF |
| 100 | 1 |aCragg, Jacquelyn J., |eauthor. |
| 245 | 10|aPrevalence of chronic pain among individuals with neurological conditions / |cby Jacquelyn J. Cragg, Freda M. Warner, Matthew S. Shupler, Catherine R. Jutzeler, Neil Cashman, David G. T. Whitehurst and John K. Kramer. |
| 264 | 1|a[Ottawa] : |bStatistics Canada = Statistique Canada, |cMarch 21, 2018. |
| 264 | 4|c©2018 |
| 300 | |a1 online resource (pages 11-16) : |bgraphs. |
| 336 | |atext|btxt|2rdacontent |
| 337 | |acomputer|bc|2rdamedia |
| 338 | |aonline resource|bcr|2rdacarrier |
| 490 | 1 |aHealth reports, |x1209-1367 ; |vvol. 29, no. 3, [2] |
| 500 | |aCover title. |
| 500 | |aIssued also in French under title: Prévalence de la douleur chronique chez les personnes souffrant de problèmes neurologiques. |
| 504 | |aIncludes bibliographical references (page 16). |
| 520 | 3 |a"The prevalence of pain among people with a variety of individual neurological conditions has been estimated. However, information is limited about chronic pain among people with neurological conditions overall, and about the conditions for which chronic pain is most prevalent. To fill these information gaps, a common method of pain assessment is required"--Abstract, page 11. |
| 650 | 0|aMigraine|zCanada|vStatistics. |
| 650 | 0|aSpinal cord|xDiseases|zCanada|vStatistics. |
| 650 | 0|aPain|xTreatment|zCanada. |
| 655 | 7|aStatistics|2lcgft |
| 710 | 2 |aStatistics Canada, |eissuing body. |
| 775 | 08|tPrévalence de la douleur chronique chez les personnes souffrant de problèmes neurologiques / |w(CaOODSP)9.954194 |
| 830 | #0|aHealth reports (Series)|x1209-1367 ; |vvol. 29, no. 3, [2].|w(CaOODSP)9.950253 |
| 856 | 40|qPDF|s534 KB|uhttps://publications.gc.ca/collections/collection_2025/statcan/82-003-x/CS82-003-2018-3-2-eng.pdf |
| 856 | 4 |qHTML|sN/A|uhttps://www150.statcan.gc.ca/n1/pub/82-003-x/2018003/article/54921-eng.htm |